000 00852nam a22002777a 4500
001 BR7700265
003 BR-BrBNA
005 20230928085140.0
007 ta
008 230509b bl.||||| |||| 00| 0 por d
040 _aBR-BrBNA
_bpor
_cBiblioteca Nacional de Agricultura
041 _a(Por)
072 _aF30; H00; A50
_b0336
_b/G514
090 _ 0336 BR7700265
110 1 _aCentro Nacional de Pesquisa de Soja, Londrina, PR (Brasil)
_91793
245 1 _aSintese das atividades tecnicas do CNP soja 1975/76 [Centro Nacional de Pesquisa de Soja; Melhoramento genetico vegetal; Brasil]
260 3 _aLondrina, PR (Brasil):
_c1976.
300 _a26 p.
650 _aGENETICA VEGETAL
650 _aSOJA
650 _aPESQUISA AGRICOLA
650 _aHERBICIDA
650 _aADUBACAO
909 _a202309
_bLucia
_c55
_dLucia Elande
942 _cBK
999 _c23025
_d23025